[Event "Edmonton-ch Reserves"]
[Site "Edmonton"]
[Date "2010.01.13"]
[Round "2"]
[White "Schweizer, Jason"]
[Black "Houston, Michael"]
[Result "1-0"]
[WhiteElo "1627"]
[BlackElo "1701"]
[PlyCount "89"]
[EventDate "2010.01.07"]
[EventType "swiss"]
[EventRounds "5"]
[EventCountry "CAN"]
[SourceTitle "EXT 2011"]
[Source "ChessBase"]
[SourceDate "2010.11.26"]
[SourceVersion "1"]
[SourceVersionDate "2010.11.26"]
[SourceQuality "1"]

1. e4 d6 2. Nf3 Nf6 3. Nc3 g6 4. Bc4 Bg7 5. 0-0 0-0 6. h3 e5 7. Re1 Nc6 8. d3 h6 9. d4 exd4 10. Nxd4 Nxd4 11. Qxd4 Nh5 12. Qe3 Kh7 13. Qf3 Be6 14. Be2 f5 15. exf5 Bxf5 16. Qd5 Qf6 17. Be3 Rae8 18. Rf1 Ng3 19. fxg3 Rxe3 20. g4 c6 21. Qd2 Qe5 22. gxf5 gxf5 23. Bf3 Qc5 24. Kh1 f4 25. Ne4 Qe5 26. c3 d5 27. Nf2 h5 28. Rae1 Rg8 29. Nd3 Rxe1 30. Rxe1 Qg5 31. Qxf4 Qxf4 32. Nxf4 h4 33. Kg1 Kh6 34. Kf2 b6 35. Re6+ Kg5 36. Ne2 c5 37. Bxd5 Rd8 38. Bf3 Rd2 39. Re7 Bxc3 40. bxc3 Rxa2 41. c4 a5 42. Rb7 Rb2 43. Bc6 Rb4 44. Bb5 Rb2 45. Rxb6 1-0